Paroles Indila - S.O.S - Statistiques

Statistiques générales
  • Ce quiz a été pris 711 fois
  • Le résultat moyen est 156 sur 216
Statistiques - réponses
Hint Réponse % Correct
S.O.S
100%
je
99%
Je
99%
Refrain C'est
98%
suis
98%
un
98%
Un
98%
ma
96%
te
96%
en
95%
de
94%
à
93%
touchée
91%
détresse
90%
Que
89%
que
89%
terre
89%
me
87%
Entends-tu
84%
sens
84%
perds
81%
quelqu'un
81%
t-il
81%
y'a
81%
Y'a
81%
la
80%
le
80%
Couplet 3 Le
80%
Couplet 1 J'ai
78%
j'ai
78%
ne
77%
qui
77%
tout
77%
pas
76%
et
74%
Et
74%
mais
74%
personne
73%
plus
73%
m'en
71%
veux
71%
les
70%
moi
69%
qu'j'me
68%
comme
67%
tombée
67%
est
66%
quitté
66%
dans
65%
bas
64%
peine
64%
tellement
64%
toute
64%
Une
64%
voix
64%
ciel
63%
tu
63%
voit
63%
Fallait
62%
beau
61%
royaume
61%
aille
60%
résonne
60%
rien
60%
seule
59%
barreaux
58%
lumière
58%
entre
57%
j'n'étais
57%
m'emprisonne
57%
froid
54%
regarder
54%
Voir
54%
sombré
53%
l'anonymat
52%
vois
52%
arme
51%
qu'j'm'en
51%
vide
48%
Il
46%
arrive
44%
Combattu
44%
toi
43%
mon
42%
silence
41%
j'n'y
40%
crié
39%
mes
39%
souffrance
38%
J'aimerais
37%
revenir
37%
tue
37%
sans
36%
Tous
36%
pensé
35%
Alors
34%
noyé
34%
est-ce
33%
histoire
33%
vagues
32%
fait
30%
regrets
30%
éclat
29%
objet
28%
L'entends-tu
26%
promet
13%
reflète
9%
Aucun quiz correspondant
Distribution des résultats
% des personnes avec chaque résultat
Percentile par nombre de réponses
Votre historique - résultats
Vous n’avez pas pris ce quiz